Les Hollandais sur la côte de Guinée à l'époque de l'essor de l'Ashanti et du Dahomey 1680-1740 (Record no. 21424)
[ view plain ]
| 000 -LEADER | |
|---|---|
| fixed length control field | 00597 a2200217 4500 |
| 020 ## - NUMERO INTERNATIONAL NORMALISE DES LIVRES | |
| International Standard Book Number | 2-85970-003-X |
| 100 ## - VEDETTE PRINCIPALE - NOM DE PERSONNE | |
| Personal name | Van DANTZIG, Albert |
| 130 ## - VEDETTE PRINCIPALE - TITRE UNIFORME | |
| Language of a work | Fr |
| 260 ## - PUBLICATION, DISTRIBUTION, ETC. (IMPRINT) | |
| Place of publication, distribution, etc | Paris |
| 260 ## - PUBLICATION, DISTRIBUTION, ETC. (IMPRINT) | |
| Name of publisher, distributor, etc | Société Française d'Histoire d'Outre-Mer |
| 245 ## - TITLE STATEMENT | |
| Title | Les Hollandais sur la côte de Guinée à l'époque de l'essor de l'Ashanti et du Dahomey 1680-1740 |
| 260 ## - PUBLICATION, DISTRIBUTION, ETC. (IMPRINT) | |
| Date of publication, distribution, etc | 1980 |
| 300 ## - PHYSICAL DESCRIPTION | |
| Extent | xii-327 p. |
| 300 ## - PHYSICAL DESCRIPTION | |
| Other physical details | Couv. ill. en coul. |
| 440 ## - SERIES STATEMENT/ADDED ENTRY--TITLE | |
| Number of part/section of a work | 3 |
| 440 ## - SERIES STATEMENT/ADDED ENTRY--TITLE | |
| Title | Bibliothèque d'Histoire d'Outre-Mer |
| 650 ## - SUBJECT ADDED ENTRY--TOPICAL TERM | |
| Topical term or geographic name as entry element | Colonisation |
| 651 ## - SUBJECT ADDED ENTRY--GEOGRAPHIC NAME | |
| Geographic name | Afrique de l'Ouest |
| Withdrawn status | Lost status | Damaged status | Not for loan | Location (home branch) | Sublocation or collection (holding branch) | Date acquired | Koha issues (times borrowed) | Koha full call number | Koha date last seen | Copy number | Price effective from | Koha item type | Public note |
|---|---|---|---|---|---|---|---|---|---|---|---|---|---|
| Bibliothèque-Centre de Documentation de la Faculté des Sciences Agronomiques | Bibliothèque-Centre de Documentation de la Faculté des Sciences Agronomiques | 014.ESR.07 | 27/02/2009 | 1 | 27/02/2009 | Livre | A.3793 |